MARC details
| 000 -CABECERA |
| campo de control de longitud fija |
00890nam a2200181 a 4500 |
| 001 - NÚMERO DE CONTROL |
| campo de control |
000045725 |
| 005 - FECHA Y HORA DE LA ÚLTIMA TRANSACCIÓN |
| campo de control |
20201002052417.0 |
| 008 - DATOS DE LONGITUD FIJA--INFORMACIÓN GENERAL |
| campo de control de longitud fija |
150508s2014 dr ac 000 0 spa d |
| 020 ## - NÚMERO INTERNACIONAL ESTÁNDAR DEL LIBRO |
| Número Internacional Estándar del Libro |
9789945887938 |
| 040 ## - FUENTE DE LA CATALOGACIÓN |
| Centro catalogador/agencia de origen |
DO-SdBNP |
| Lengua de catalogación |
spa |
| Centro/agencia transcriptor |
BNPHU |
| 082 ## - NÚMERO DE LA CLASIFICACIÓN DECIMAL DEWEY |
| Número de clasificación |
xxxx |
| Número de documento/Ítem |
xxxx |
| 245 04 - MENCIÓN DE TÍTULO |
| Título |
Una historia con futuro : |
| Resto del título |
Banco Popular, 50 años a tu lado siempre / |
| Mención de responsabilidad, etc. |
Margarita Marmolejos ; presentación Manuel A. Grullón. |
| 260 ## - PUBLICACIÓN, DISTRIBUCIÓN, ETC. |
| Lugar de publicación, distribución, etc. |
Santo Domingo : |
| Nombre del editor, distribuidor, etc. |
Banco Popular Dominicano, |
| Fecha de publicación, distribución, etc. |
2014. |
| 300 ## - DESCRIPCIÓN FÍSICA |
| Extensión |
203 p. : |
| Otras características físicas |
il., retrs. ; |
| Dimensiones |
29 cm. |
| 505 0# - NOTA DE CONTENIDO CON FORMATO |
| Nota de contenido con formato |
50 años construyendo futuro -- |
| Título |
El popular, pionero de la banca privada dominicana -- |
| -- |
Historia de éxitos ligada al desarrollo económico del país -- |
| -- |
El Banco Popular, liderando la oferta de servicios bancarios -- |
| -- |
Una imagen, una marca socialmente responsable -- |
| 700 12 - PUNTO DE ACCESO ADICIONAL--NOMBRE DE PERSONA |
| Nombre de persona |
Grullón, Manuel A. |
| Término indicativo de función/relación |
pres. |
| 9 (RLIN) |
73783 |
| 700 12 - PUNTO DE ACCESO ADICIONAL--NOMBRE DE PERSONA |
| Nombre de persona |
Marmolejos, Margarita |
| 9 (RLIN) |
9617 |